Statistics for Reveal the Flags

Click here to take the quiz!

General Stats

  • This quiz has been taken 5,089 times
  • The average score is 12 of 16

Answers on the Map

Answers color-coded by a green-red scale on the quiz's map according to % correct below.
 

Answer Stats

Answer% Correct
United Kingdom
99%
France
90%
New Zealand
79%
Barbados
77%
Switzerland
73%
Turkey
73%
Italy
72%
Nigeria
72%
South Africa
72%
China
71%
Israel
71%
Jamaica
70%
North Korea
70%
Cameroon
66%
Venezuela
66%
Liberia
59%

Score Distribution

Percentile by Number Answered

Percent of People with Each Score

Your Score History

You have not taken this quiz